Príspevok k problematike stabilizácie supravodičov Nb3Sn

Podrobná bibliografia
Hlavní autori: Proksa, M. (Autor), Synak, D. (Autor), Šomský, P. (Autor)
Médium: Článok
Jazyk:slovenčina
Fyzický popis:Obr. 6.
Predmet:

MARC

LEADER 00000nab a2200000 a 4500
001 vtls000056116
003 SK-MaSNL
005 20260304060459.0
008 250422c1980 xo 0 slo
015 |a SNBRB19rr/mm-uuuuu 
035 |a CL0066213 
035 |a urn:nbn:sk:snk-ab6os4 
035 |a (uuid)725c87a9-ebc1-4ae3-a67a-0475f8c27260 
035 |a (urnnbn)urn:nbn:sk:snk:ar-005p6y 
035 |a (sysno)vtls000056116 
040 |a SNKBUCL  |b slo  |c SNKBUCL  |e AACR2 
041 0 |a slo 
044 |a xo  |c SK 
080 |a 537  |2 1981 
100 1 |a Proksa, M.  |4 aut  |9 306394 
245 1 0 |a Príspevok k problematike stabilizácie supravodičov Nb3Sn  |c M. Proksa, D. Synak, P. Šomský 
300 |b Obr. 6. 
650 0 7 |a supravodiče Nb3Sn  |2 snkbucl  |9 947608 
655 7 |a články z novín a časopisov  |2 snkbucl  |9 267496 
700 1 |a Synak, D.  |4 aut  |9 1343792 
700 1 |a Šomský, P.  |4 aut  |9 1343793 
773 0 |t Zváranie  |g Roč. 29, č. 2 (1980), s. 47-50 
850 |a Slovenská národná knižnica 
852 |a Slovenská národná knižnica 
954 |a odborná, vedecká literatúra pôvodná (slovenská)  |2 lita 
958 |a article 
958 |a OND 
958 |a RK 
958 |a EUIPO 
992 |a RBX 
999 |c 2728741  |d 2730671